| 000 | 00379nam a2200133Ia 4500 | ||
|---|---|---|---|
| 008 | 220217s9999||||xx |||||||||||||| ||und|| | ||
| 020 | _a81-86011-27-7 | ||
| 082 | _a005.133 LAF | ||
| 100 | _aLafore, Robert | ||
| 245 | 0 | _aObject oriented programming in microsoft C++ | |
| 260 |
_aGalgotia publications _bNew Delhi _c2003 |
||
| 300 | _b279 | ||
| 650 | _aPROGRAMMING LANGUAGE | ||
| 999 |
_c171425 _d171425 |
||